=LDR 00000nam 2200000 4500 =001 INLIS000000000019786 =005 20130612114819 =008 ***********************************Ind** =035 ##$$0010-061300000019786 =041 ##$$a Ind =082 ##$$a R.920.923 404 598 =090 ##$$a R.920.923 404 598, Hal s =100 ##$$a Halawa, Ohio =245 ##$$a Pemikiran perjuangan dan mini biografi, sepuluh tokoh koperasi indonesia, Drs. Ohiao Halawa =260 ##$$a 1992 $b Jakarta =300 ##$$a 192 hlm, ilus, 21 cm =650 ##$$a Koperasi Indonesia =850 ##$$a NBPNMAT